Este no es mi pirata

Gorde:
Xehetasun bibliografikoak
Egile Nagusiak: Watt, Fiona (Egilea), Wells, Rachel (Egilea), Alonso de la Sierra, Gemma (Egilea)
Formatua: Liburua
Hizkuntza:gaztelania
Argitaratua: Londres Usborne Publishing Ltd. 2008
Saila:¡Toca, toca!
Gaiak:
Etiketak: Etiketa erantsi
Etiketarik gabe, Izan zaitez lehena erregistro honi etiketa jartzen!

MARC

LEADER 00000cam a2200000 a 4500
001 UCF4865
003 CL-VaPUC
005 20250410120328.0
008 130103e20080000UK |||||||||||||||||spa|d
999 |c 350552  |d 350550 
020 |a 9780746094006 
040 |c Pontificia Universidad Católica de Valparaíso 
082 0 4 |a 372.4  |b WAT  |2 21 
100 0 |a Watt, Fiona  |e author  |9 566539 
245 1 0 |a Este no es mi pirata 
260 |a Londres  |b Usborne Publishing Ltd.  |c 2008 
300 |a pág. irreg 
490 0 |a ¡Toca, toca! 
583 |a last modification  |c 20130103 11:06:00  |k Rodrigo Vera 
650 0 |a Literatura infantil  |9 270413  |x Cuentos 
700 0 |a Wells, Rachel  |e author  |9 566540 
700 0 |a Alonso de la Sierra, Gemma  |e author  |9 566541 
942 |c BK  |2 ddc 
945 |d 20130103 00:00:00  |a dcastane 
952 |0 0  |1 0  |4 0  |6 372_400000000000000_WAT_2008  |7 0  |8 A  |9 453979  |a BIBEDU  |b BIBEDU  |d 2019-11-22  |i 493735K  |l 5  |o 372.4 WAT 2008  |p 493735K  |r 2023-09-25  |s 2023-09-25  |w 2019-11-22  |y BK  |k EPE